000 00525nam a22001817a 4500
005 20251108170011.0
008 250721s1999 xx 000 0 ara d
082 1 4 _a346.015/ألف
100 1 _aالألفي، محمد عبد الحميد
245 1 0 _aالجرائم العائلية و الحماية الجنائية للروابط الأسرية /
264 _c1999.
300 _a204ص
650 1 7 _aالقانون
650 1 7 _aالأسرة
650 1 7 _aالجرائم
942 _2ddc
_cBK
999 _c37059
_d37059